[Event "British Chess Championships 2023: Weekend Tournament Penrose"]
[Site "De Montfort University, 20 Western Boulevard, Leicester, LE2 7BU"]
[Date "2023.07.22"]
[Round "3"]
[Board "27"]
[White "Hariharan, Shambavi"]
[Black "Thornley, Oliver"]
[Result "0-1"]
[WhiteElo "1829"]
[BlackElo "1759"]
[PlyCount "126"]
[EventDate "2023.07.21"]
[EventRounds "5"]
[EventCountry "ENG"]

1. d4 f5 2. c4 Nf6 3. g3 g6 4. Bg2 Bg7 5. Nf3 d6 6. O-O O-O 7. Nc3 c6 8. Re1 Ne4
9. Bf4 h6 10. h4 Qb6 11. Na4 Qc7 12. c5 Nd7 13. cxd6 exd6 14. Rc1 Ndf6 15. Nc3 Nxc3
16. bxc3 Nd5 17. Bd2 c5 18. c4 Nf6 19. dxc5 dxc5 20. Bf4 Qf7 21. Ne5 Qe8 22. Nd3
Qe7 23. Ne5 Kh7 24. Nd3 Ne4 25. Be3 b6 26. Bxe4 Qxe4 27. Qd2 Re8 28. Bf4 Bb7 29.
f3 Qd4+ 30. Kg2 Rad8 31. Qc2 Qd7 32. Rcd1 Qf7 33. a4 Ba6 34. Rc1 Bxc4 35. Qxc4 Qxc4
36. Rxc4 Rxd3 37. Rb1 Rxe2+ 38. Kf1 Rh2 39. Kg1 Rb2 40. Re1 Bd4+ 41. Kh1 Rxf3 42.
Re7+ Kg8 43. Rc1 Rff2 44. Be3 Bxe3 45. Rxe3 Rfe2 46. Rd3 Rbd2 47. Rd1 Rxd1+ 48. Rxd1
Kf7 49. Rd7+ Re7 50. Rd6 Rc7 51. Kg2 c4 52. Kf2 c3 53. Rd1 c2 54. Rc1 Kf6 55. Ke2
Ke5 56. Kd2 Ke4 57. Rxc2 Rxc2+ 58. Kxc2 g5 59. hxg5 hxg5 60. Kb3 Kd4 61. Kb4 a6 62.
a5 bxa5+ 63. Kxa5 f4  0-1

[Event "British Chess Championships 2023: Weekend Tournament Penrose"]
[Site "De Montfort University, 20 Western Boulevard, Leicester, LE2 7BU"]
[Date "2023.07.22"]
[Round "3"]
[Board "28"]
[White "Rastogi, Nayan Keats"]
[Black "Graff, Ben"]
[Result "1-0"]
[WhiteElo "1677"]
[BlackElo "1793"]
[PlyCount "63"]
[EventDate "2023.07.21"]
[EventRounds "5"]
[EventCountry "ENG"]

1. e4 e6 2. d4 d5 3. e5 c5 4. c3 Nc6 5. Nf3 Qb6 6. b3 Bd7 7. b4 cxd4 8. cxd4 Rc8
9. Be3 a5 10. b5 Na7 11. a4 Bb4+ 12. Bd2 Bxd2+ 13. Qxd2 Qc7 14. Na3 Qc3 15. Qxc3
Rxc3 16. Kd2 Rc8 17. b6 Nc6 18. Nb5 Ke7 19. Nc7 Nh6 20. Bb5 Nb8 21. Rhc1 f6 22. Rc5
Bxb5 23. Rxb5 Nc6 24. Rc1 Nf7 25. exf6+ gxf6 26. Re1 Nd6 27. Rxe6+ Kd7 28. Rxd5 Rcg8
29. Rdxd6+ Kc8 30. g3 f5 31. Nd5 Kb8 32. Ne7  1-0

[Event "British Chess Championships 2023: Weekend Tournament Penrose"]
[Site "De Montfort University, 20 Western Boulevard, Leicester, LE2 7BU"]
[Date "2023.07.22"]
[Round "3"]
[Board "29"]
[White "Siu, Kam Wa"]
[Black "Thorburn, Richard"]
[Result "0-1"]
[WhiteElo "1782"]
[BlackElo "1684"]
[PlyCount "141"]
[EventDate "2023.07.21"]
[EventRounds "5"]
[EventCountry "ENG"]

1. e4 c6 2. b3 d5 3. Bb2 dxe4 4. Nc3 Bf5 5. g4 Bg6 6. Bg2 e3 7. fxe3 e5 8. h4 h6
9. Be4 Bxe4 10. Nxe4 Nd7 11. Qf3 Ngf6 12. O-O-O Be7 13. Kb1 Qc7 14. Nxf6+ gxf6 15.
Ne2 O-O-O 16. Ng3 Qd6 17. Nf5 Qe6 18. d4 Nb6 19. c4 Bf8 20. e4 exd4 21. Nxd4 Qe7
22. Rhf1 Nd7 23. Nf5 Qe6 24. Nd4 Qe7 25. Nf5 Qe6 26. Qf4 Re8 27. Rfe1 Ne5 28. Rd2
Bb4 29. Red1 Bxd2 30. Rxd2 Rd8 31. Nd4 Qxg4 32. Qxf6 Qxe4+ 33. Kc1 Nd3+ 34. Rxd3
Qxd3 35. Qxf7 Rhe8 36. Qf5+ Qxf5 37. Nxf5 Re2 38. Bg7 Rg8 39. Kd1 Re6 40. Bxh6 Kd7
41. Bg5 Rxg5 42. hxg5 Re5 43. Ng3 Rxg5 44. Ne4 Rg1+ 45. Kc2 Rg2+ 46. Kb1 b6 47. c5
Ke6 48. cxb6 axb6 49. Nc3 Ke5 50. Na4 b5 51. Nc5 Kd4 52. Ne6+ Kc3 53. a3 Kxb3 54.
Nd4+ Kxa3 55. Nxc6 b4 56. Ne5 b3 57. Nc4+ Kb4 58. Ne3 Rh2 59. Nf1 Rh1 60. Kb2 Rh3
61. Nd2 Rh2 62. Kc1 Rxd2 63. Kxd2 Ka3 64. Kc1 Ka2 65. Kd2 b2 66. Kc2 b1=Q+ 67. Kd2
Qb3 68. Kc1 Qb2+ 69. Kd1 Kb3 70. Ke1 Kc3 71. Kf1  0-1

[Event "British Chess Championships 2023: Weekend Tournament Penrose"]
[Site "De Montfort University, 20 Western Boulevard, Leicester, LE2 7BU"]
[Date "2023.07.22"]
[Round "3"]
[Board "30"]
[White "Ng, Stephen"]
[Black "O'gorman, Brendan"]
[Result "1/2-1/2"]
[WhiteElo "1618"]
[BlackElo "1779"]
[PlyCount "0"]
[EventDate "2023.07.21"]
[EventRounds "5"]
[EventCountry "ENG"]

1. e4 c5 2. Nf3 g6 3. c3 d5 4. exd5 Qxd5 5. Bb5+ Bd7 6. Bxd7+ Nxd7 7. d4 Bg7 8. O-O
Ngf6 9. Re1 e6 10. Na3 cxd4 11. Nxd4 a6 12. Nac2 O-O 13. Be3 Rfd8 14. Qe2 Ne5 15.
b3 Nc6 16. c4 Nxd4 17. Bxd4 Qc6 18. Rac1 Rd7 19. Red1 Rad8 20. Bxf6 Bxf6 21. Rxd7
Rxd7  1/2-1/2

[Event "British Chess Championships 2023: Weekend Tournament Penrose"]
[Site "De Montfort University, 20 Western Boulevard, Leicester, LE2 7BU"]
[Date "2023.07.22"]
[Round "3"]
[Board "31"]
[White "Diniz Afonso, Davi"]
[Black "Trimble, Thomas"]
[Result "1-0"]
[WhiteElo "1615"]
[BlackElo "1779"]
[PlyCount "93"]
[EventDate "2023.07.21"]
[EventRounds "5"]
[EventCountry "ENG"]

1. d4 Nf6 2. Bg5 h6 3. Bxf6 exf6 4. e3 Be7 5. g3 O-O 6. Bg2 c6 7. c4 Bb4+ 8. Nd2
d6 9. Ne2 Qa5 10. a3 Bxd2+ 11. Qxd2 Qxd2+ 12. Kxd2 Bf5 13. Nc3 Nd7 14. b3 Rab8 15.
Rhc1 a6 16. b4 Nb6 17. Nd1 Rfe8 18. a4 d5 19. cxd5 Nxd5 20. Bxd5 cxd5 21. Rc5 Rbc8
22. a5 Bd7 23. Rxd5 Bc6 24. Rc5 Rcd8 25. Rac1 g6 26. Nb2 Kg7 27. Nc4 h5 28. Nb6 h4
29. Rxc6 bxc6 30. Rxc6 hxg3 31. hxg3 Re6 32. Rc7 Rdd6 33. Ra7 Rxb6 34. axb6 Rxb6
35. Kc3 Rc6+ 36. Kb3 f5 37. d5 Rd6 38. Kc4 Kf6 39. Kc5 Rd8 40. Rxa6+ Ke5 41. d6 g5
42. Rc6 f4 43. exf4+ gxf4 44. gxf4+ Kxf4 45. b5 Ke5 46. b6 Ke6 47. b7  1-0

[Event "British Chess Championships 2023: Weekend Tournament Penrose"]
[Site "De Montfort University, 20 Western Boulevard, Leicester, LE2 7BU"]
[Date "2023.07.22"]
[Round "3"]
[Board "32"]
[White "Lataille, Matthias"]
[Black "Norris, Zack"]
[Result "0-1"]
[WhiteElo "1797"]
[BlackElo "1657"]
[PlyCount "92"]
[EventDate "2023.07.21"]
[EventRounds "5"]
[EventCountry "ENG"]

1. e4 e5 2. f4 exf4 3. Nf3 g5 4. h4 g4 5. Ne5 h5 6. Bc4 Nh6 7. d4 d6 8. Nd3 Qe7 9.
Qe2 Nc6 10. c3 f5 11. Nxf4 Qxe4 12. Qxe4+ fxe4 13. Ng6 Rh7 14. Nxf8 Kxf8 15. Bg5
Na5 16. O-O+ Ke8 17. Be2 Nf5 18. Kh2 d5 19. g3 Rf7 20. Nd2 Be6 21. b4 Nc6 22. Bb5
Kd7 23. Nb3 b6 24. a4 Raf8 25. a5 Nd6 26. Rxf7+ Rxf7 27. Bxc6+ Kxc6 28. axb6 axb6
29. Kg2 Rf3 30. Nc1 Rxc3 31. Ne2 Rc2 32. Kf2 Nf5 33. Rc1 Rxc1 34. Bxc1 Kb5 35. Bg5
Kxb4 36. Bd8 c5 37. Bxb6 c4 38. Ke1 Kb3 39. Kd1 Kb2 40. Ba5 Bd7 41. Bc3+ Kb1 42.
Be1 Ba4+ 43. Kd2 Kb2 44. Nc3 e3+ 45. Ke2 Bc2 46. Nxd5 Bd3+  0-1

[Event "British Chess Championships 2023: Weekend Tournament Penrose"]
[Site "De Montfort University, 20 Western Boulevard, Leicester, LE2 7BU"]
[Date "2023.07.22"]
[Round "3"]
[Board "33"]
[White "Hollyman, Mike"]
[Black "Venn, Hiren"]
[Result "1-0"]
[WhiteElo "1555"]
[BlackElo "1795"]
[PlyCount "38"]
[EventDate "2023.07.21"]
[EventRounds "5"]
[EventCountry "ENG"]

1. c4 Nf6 2. Nc3 e6 3. g3 Bb4 4. Bg2 d5 5. e3 c6 6. cxd5 cxd5 7. Nge2 Nc6 8. O-O
O-O 9. a3 Bd6 10. d4 a6 11. e4 dxe4 12. Nxe4 e5 13. dxe5 Bxe5 14. Qc2 Bf5 15. Bg5
Nd4 16. Nxd4 Qxd4 17. Nxf6+ gxf6 18. Qxf5 fxg5 19. Be4 Kg7  1-0

[Event "British Chess Championships 2023: Weekend Tournament Penrose"]
[Site "De Montfort University, 20 Western Boulevard, Leicester, LE2 7BU"]
[Date "2023.07.22"]
[Round "3"]
[Board "34"]
[White "Cave, Nathan"]
[Black "Fernando, Manel"]
[Result "0-1"]
[WhiteElo "1717"]
[BlackElo "1627"]
[PlyCount "72"]
[EventDate "2023.07.21"]
[EventRounds "5"]
[EventCountry "ENG"]

1. e4 e5 2. Nf3 Nf6 3. Nc3 d6 4. d4 Bg4 5. dxe5 Bxf3 6. gxf3 dxe5 7. Qxd8+ Kxd8 8.
Bg5 c6 9. f4 h6 10. Bh4 exf4 11. e5 g5 12. Bxg5 hxg5 13. exf6 Bb4 14. O-O-O+ Kc7
15. Ne4 g4 16. Bc4 Nd7 17. Bxf7 Raf8 18. Be6 Nxf6 19. Nxf6 Rxf6 20. Bxg4 Bc5 21.
f3 Rfh6 22. h3 Be3+ 23. Kb1 R6h7 24. a4 a5 25. c4 Kb6 26. Rd3 Kc5 27. b3 Bf2 28.
Rhd1 Be3 29. Rd7 Rxh3 30. Rxb7 Rh2 31. Bf5 Rf2 32. Be4 Rhh2 33. b4+ axb4 34. Rd5+
cxd5 35. Rb5+ Kxc4 36. Bxd5+ Kd4  0-1

[Event "British Chess Championships 2023: Weekend Tournament Penrose"]
[Site "De Montfort University, 20 Western Boulevard, Leicester, LE2 7BU"]
[Date "2023.07.22"]
[Round "3"]
[Board "35"]
[White "Cole, Graham L"]
[Black "Mckenna, Joshua"]
[Result "1-0"]
[WhiteElo "1756"]
[BlackElo "1600"]
[PlyCount "65"]
[EventDate "2023.07.21"]
[EventRounds "5"]
[EventCountry "ENG"]

1. e4 c6 2. d4 d5 3. exd5 cxd5 4. Bd3 Nc6 5. c3 Nf6 6. Bf4 Bg4 7. Qb3 Qd7 8. Nd2
e6 9. Ngf3 Bd6 10. Bxd6 Qxd6 11. O-O O-O 12. Rfe1 Bxf3 13. Nxf3 Qc7 14. Qc2 Rfc8
15. Qd2 a6 16. Ne5 h6 17. h3 Nd7 18. Qe2 Qd8 19. Nxf7 Kxf7 20. Qxe6+ Kf8 21. Qxd5
Nf6 22. Qf3 Kg8 23. Re6 Qd5 24. Rxf6 Qg5 25. Rg6 Qe7 26. Qe3 Qh4 27. Rg4 Qf6 28.
Qe4 Re8 29. Qh7+ Kf8 30. Qh8+ Ke7 31. Qxg7+ Qxg7 32. Rxg7+ Kf8 33. Rxb7  1-0

[Event "British Chess Championships 2023: Weekend Tournament Penrose"]
[Site "De Montfort University, 20 Western Boulevard, Leicester, LE2 7BU"]
[Date "2023.07.23"]
[Round "4"]
[Board "1"]
[White "Llewellyn, Julian D"]
[Black "Vadalia, Jainill"]
[Result "1-0"]
[WhiteElo "1950"]
[BlackElo "1586"]
[PlyCount "0"]
[EventDate "2023.07.21"]
[EventRounds "5"]
[EventCountry "ENG"]

*1. e4 d6 2. d4 Nf6 3. Nc3 e5 4. dxe5 dxe5 5. Qxd8+ Kxd8 6. Bc4 Be6 7. Bxe6 fxe6
8. Bg5 Bd6 9. Nb5 Ke7 10. Nf3 Nbd7 11. Nd2 a6 12. Nxd6 cxd6 13. O-O-O h6 14. Be3
d5 15. exd5 exd5 16. Rhe1 Kf7 17. f3 Rac8 18. Kb1 Rhe8 19. Bf2 e4 20. fxe4 dxe4 21.
Nxe4 Nxe4 22. Rxd7+ Kg8 23. Be3 b5 24. Kc1 Rcd8 25. Rxd8 Rxd8 26. Bxh6 Nc5 27. Bg5
Rc8 28. Kd2 Rc6 29. Be7 Ne6 30. c3 Kf7 31. Bb4 Kg6 32. Ke3 Rc4 33. Rd1 Kf5 34. Rd5+
Kf6 35. Rd6 a5 36. Bxa5 Ra4 37. Bb4 Rxa2 38. Ba3 Ke5 39. Rd1 g5 40. Kd3 b4 41. cxb4
Nd4 42. Kc4 g4 43. Re1+ Ne2 44. Rxe2+ Kf4 45. Re1 g3 46. hxg3 Kxg3 47. Kb3 Rxa3+
48. bxa3 Kxg2 49. b5 Kf2 50. Re8 Kf3 51. b6 Kf4 52. b7 Kf5 53. b8=Q Kf6 54. Qf4+
Kg7 55. Re7+ Kg6 56. Re6+ Kg7 57. Qf6+ Kg8 58. Re8+ Kh7 59. Rh8#  1-0

[Event "British Chess Championships 2023: Weekend Tournament Penrose"]
[Site "De Montfort University, 20 Western Boulevard, Leicester, LE2 7BU"]
[Date "2023.07.23"]
[Round "4"]
[Board "2"]
[White "Subin, Samvrit"]
[Black "Royle, Alex"]
[Result "0-1"]
[WhiteElo "1742"]
[BlackElo "1942"]
[PlyCount "0"]
[EventDate "2023.07.21"]
[EventRounds "5"]
[EventCountry "ENG"]

1. e4 e5 2. Nf3 Nc6 3. Bc4 Bc5 4. O-O d6 5. d3 Nf6 6. Nc3 h6 7. h3 a6 8. Ne2 Na5
9. Bb3 O-O 10. c3 Nxb3 11. Qxb3 Be6 12. Qc2 Qe7 13. d4 exd4 14. cxd4 Bb6 15. Ng3
Rad8 16. Bd2 c6 17. Bb4 Bc7 18. Ba3 Qd7 19. e5 Nd5 20. exd6 Bxd6 21. Ne5 Qc7 22.
Bxd6 Qxd6 23. Ne4 Qb4 24. Qd2 Qxd2 25. Nxd2 Nf4 26. Ne4 Rxd4 27. Rfe1 Rb4 28. b3
Rd8 29. Nf3 Bd5 30. Ned2 Be6 31. Ne4 Rd5 32. Nfd2 f5 33. a3 Rbd4 34. Nc3 Rxd2 35.
Nxd5 Bxd5 36. Re8+ Kf7 37. Rae1 Rd1 38. R8e7+ Kf6 39. Rxd1 Kxe7 40. Re1+ Kd7 41.
f3 Bxb3 42. Rb1 Ne2+ 43. Kf2 Nd4 44. Ke3 c5 45. Rc1 Kd6 46. g4 f4+ 47. Ke4 Bc2+  0-1

[Event "British Chess Championships 2023: Weekend Tournament Penrose"]
[Site "De Montfort University, 20 Western Boulevard, Leicester, LE2 7BU"]
[Date "2023.07.23"]
[Round "4"]
[Board "3"]
[White "Smith, Ryan M"]
[Black "Wastney, Dylan"]
[Result "0-1"]
[WhiteElo "1962"]
[BlackElo "1893"]
[PlyCount "0"]
[EventDate "2023.07.21"]
[EventRounds "5"]
[EventCountry "ENG"]

1. e4 c5 2. Nc3 e6 3. Nge2 Nc6 4. g3 d5 5. exd5 exd5 6. d4 cxd4 7. Nxd4 Nf6 8. Bg2
h6 9. O-O Be7 10. Be3 O-O 11. h3 Re8 12. Qd2 Bb4 13. a3 Ne4 14. Bxe4 Bxc3 15. Qxc3
dxe4 16. Nxc6 bxc6 17. Rad1 Qe7 18. Kg2 Qe6 19. Rh1 Ba6 20. Rhe1 Rab8 21. Bxa7 Rb5
22. Bc5 Bc8 23. Rh1 Qf5 24. b4 e3 25. fxe3 Be6 26. Rh2 Bd5+ 27. Kg1 Qf3 28. Rdd2
Rxc5 29. bxc5 Rxe3  0-1

[Event "British Chess Championships 2023: Weekend Tournament Penrose"]
[Site "De Montfort University, 20 Western Boulevard, Leicester, LE2 7BU"]
[Date "2023.07.23"]
[Round "4"]
[Board "4"]
[White "Dooley, Max"]
[Black "Gnanagurusamy, Ganeshbabu"]
[Result "1/2-1/2"]
[WhiteElo "1863"]
[BlackElo "1896"]
[PlyCount "0"]
[EventDate "2023.07.21"]
[EventRounds "5"]
[EventCountry "ENG"]

1. e4 c6 2. d4 d5 3. exd5 cxd5 4. c4 Nf6 5. Nc3 g6 6. Nf3 Bg7 7. Qb3 O-O 8. cxd5
Nbd7 9. d6 exd6 10. Be2 Nb6 11. O-O Be6 12. Qd1 d5 13. Bg5 a6 14. Ne5 h6 15. Bh4
Qd6 16. Bg3 Qb4 17. Rb1 Bf5 18. a3 Qe7 19. Rc1 Rac8 20. Qb3 Qd8 21. Nd3 Bxd3 22.
Bxd3 Re8 23. Rfe1 Rc6 24. Rxe8+ Qxe8 25. h3 Ne4 26. Re1 Qd7 27. Nxd5 Nd2 28. Nxb6
Qxd4 29. Re8+ Bf8 30. Qd5 Qxb6 31. Qd8 Qxd8 32. Rxd8 Nb3 33. Be4 Re6 34. Bd5 Re1+
35. Kh2 Nd2 36. Bxf7+ Kxf7 37. Rxd2 Re7 38. Bf4 h5 39. Bg5 Rc7 40. Bd8 Rc6 41. Ba5
Bd6+ 42. g3 h4 43. Kg2 hxg3 44. fxg3 Ke6 45. Bc3 Bxa3 46. Kf3 Bd6 47. h4 b5 48. g4
b4 49. Bg7 a5 50. h5 gxh5 51. gxh5 Kf7 52. h6 Kg6 53. Ke4 Be7 54. Rd5 Re6+ 55. Kd3
a4 56. Ra5 a3 57. bxa3 bxa3 58. Ra8 Rd6+ 59. Kc4 Rd8 60. Ra7 Bf8  1/2-1/2

[Event "British Chess Championships 2023: Weekend Tournament Penrose"]
[Site "De Montfort University, 20 Western Boulevard, Leicester, LE2 7BU"]
[Date "2023.07.23"]
[Round "4"]
[Board "5"]
[White "Gartside, Carl"]
[Black "Colclough, Ryan"]
[Result "1-0"]
[WhiteElo "1895"]
[BlackElo "1795"]
[PlyCount "0"]
[EventDate "2023.07.21"]
[EventRounds "5"]
[EventCountry "ENG"]

1. e4 e5 2. Nf3 Nc6 3. Bb5 Nf6 4. d3 Bc5 5. Bxc6 dxc6 6. Bg5 h6 7. Bh4 Be6 8. Nbd2
Qd6 9. Bxf6 gxf6 10. Nc4 Qd7 11. Qe2 Rg8 12. Ne3 O-O-O 13. h3 Kb8 14. a3 Qc8 15.
O-O-O h5 16. Kb1 Bb6 17. Nd2 Qd7 18. Ndc4 Bc5 19. Nd2 Qe7 20. g3 Qd7 21. h4 b5 22.
Rdg1 Rh8 23. Re1 Ka8 24. Rd1 Rb8 25. f4 exf4 26. gxf4 Qd4 27. Rhe1 Qa4 28. f5 Bd7
29. Nb3 Bd6 30. d4 Bc8 31. Nf1 Ba6 32. e5 b4 33. Qe4 Rhe8 34. Qf4 Bxf1 35. exd6 Bc4
36. Rxe8 Rxe8 37. d7 Rd8 38. Qxc7  1-0

[Event "British Chess Championships 2023: Weekend Tournament Penrose"]
[Site "De Montfort University, 20 Western Boulevard, Leicester, LE2 7BU"]
[Date "2023.07.23"]
[Round "4"]
[Board "6"]
[White "Taylor, Robert K"]
[Black "Banerji, Kumar"]
[Result "1/2-1/2"]
[WhiteElo "1935"]
[BlackElo "1805"]
[PlyCount "0"]
[EventDate "2023.07.21"]
[EventRounds "5"]
[EventCountry "ENG"]

1. e4 b6 2. d4 Bb7 3. Nc3 e6 4. a3 Nf6 5. Bd3 d5 6. Bg5 dxe4 7. Bxe4 Bxe4 8. Nxe4
Be7 9. Nc3 Nd5 10. Bxe7 Qxe7 11. Qf3 Nd7 12. Nge2 N7f6 13. O-O-O O-O 14. h4 Rac8
15. Ne4 Nxe4 16. Qxe4 c5 17. Kb1 Rfd8 18. Rh3 cxd4 19. Rxd4 Qc5 20. Rf3 Nf6 21. Rxd8+
Rxd8 22. Qb7 Qa5 23. Rd3 Qe1+ 24. Ka2 Rf8 25. Qf3 Qa5 26. Nc3 h6 27. g3 Qc5 28. Qf4
Rc8 29. Qd4 Kf8 30. Qxc5+ Rxc5 31. b4 Rf5 32. f3  1/2-1/2

[Event "British Chess Championships 2023: Weekend Tournament Penrose"]
[Site "De Montfort University, 20 Western Boulevard, Leicester, LE2 7BU"]
[Date "2023.07.23"]
[Round "4"]
[Board "7"]
[White "Bradley, William"]
[Black "Bartram, William"]
[Result "1-0"]
[WhiteElo "1839"]
[BlackElo "1932"]
[PlyCount "0"]
[EventDate "2023.07.21"]
[EventRounds "5"]
[EventCountry "ENG"]

1. e4 c5 2. Nc3 e6 3. f4 Nc6 4. Nf3 Be7 5. Bb5 Qc7 6. Bxc6 bxc6 7. d3 Nf6 8. O-O
d5 9. e5 Nd7 10. Qe1 f5 11. Qg3 g6 12. b3 Ba6 13. Kh1 Nf8 14. Ba3 Qa5 15. Na4 h6
16. Rfc1 Kf7 17. d4 Nd7 18. Qf2 c4 19. Bxe7 Kxe7 20. Qh4+ Ke8 21. Nc5 Nxc5 22. Qf6
Kd7 23. Qg7+ Kc8 24. Qxh8+ Kc7 25. Qxa8 Bc8 26. dxc5 Qxc5 27. bxc4  1-0

[Event "British Chess Championships 2023: Weekend Tournament Penrose"]
[Site "De Montfort University, 20 Western Boulevard, Leicester, LE2 7BU"]
[Date "2023.07.23"]
[Round "4"]
[Board "8"]
[White "George, Richard M"]
[Black "Tomlinson, Zak"]
[Result "0-1"]
[WhiteElo "1927"]
[BlackElo "1787"]
[PlyCount "0"]
[EventDate "2023.07.21"]
[EventRounds "5"]
[EventCountry "ENG"]

1. d4 Nf6 2. Bg5 Ne4 3. Bf4 d5 4. e3 e6 5. Bd3 Nf6 6. Nd2 c5 7. c3 Nc6 8. Ngf3 c4
9. Bc2 Be7 10. O-O O-O 11. Re1 Nh5 12. Bg3 Nxg3 13. hxg3 f5 14. Ne5 Bd6 15. f4 Bxe5
16. dxe5 Qe8 17. Nf3 Qg6 18. Kf2 h6 19. Rh1 Bd7 20. Qe2 b5 21. a3 a5 22. Qd2 Rfb8
23. Nd4 Nd8 24. Rh4 Qf7 25. g4 fxg4 26. Rxg4 Nb7 27. Rh1 Kf8 28. Rh3 Ke7 29. Bg6
Qf8 30. Rhg3 Qh8 31. Kg1 Rf8 32. f5 exf5 33. Bxf5 g5 34. Bxd7 Kxd7 35. Nxb5 Qxe5
36. e4 Rae8 37. Qxd5+ Qxd5 38. exd5 Re1+ 39. Kh2 Rff1 40. Rf3 Rxf3 41. gxf3 Re2+
42. Rg2 Rxg2+ 43. Kxg2 Nc5 44. Nd4 Nd3 45. b3 cxb3 46. Nxb3 a4 47. Nd4 Nf4+ 48. Kg3
Nxd5 49. c4 Ne3 50. c5 Nc4 51. Nc2 Kc6 52. Kg4 Ne5+ 53. Kh5 Nxf3 54. Kxh6 g4 55.
Kh5 g3 56. Ne3 Ne1  0-1

[Event "British Chess Championships 2023: Weekend Tournament Penrose"]
[Site "De Montfort University, 20 Western Boulevard, Leicester, LE2 7BU"]
[Date "2023.07.23"]
[Round "4"]
[Board "9"]
[White "Bowman, Richard L"]
[Black "Kapoor, Gurveen"]
[Result "0-1"]
[WhiteElo "1807"]
[BlackElo "1918"]
[PlyCount "0"]
[EventDate "2023.07.21"]
[EventRounds "5"]
[EventCountry "ENG"]

1. d4 Nf6 2. c4 c5 3. d5 e6 4. g3 exd5 5. cxd5 d6 6. Bg2 g6 7. Nc3 Bg7 8. Nf3 O-O
9. O-O Re8 10. Bg5 a6 11. a4 h6 12. Bxf6 Qxf6 13. Qc2 Nd7 14. e3 Ne5 15. Nxe5 Qxe5
16. a5 Bd7 17. Ra2 Rab8 18. Na4 Bxa4 19. Qxa4 b5 20. Qg4 Rb7 21. Rd1 h5 22. Qf3 Rc7
23. Bf1 Qe7 24. Rc1 c4 25. Qd1 h4 26. Qd2 hxg3 27. hxg3 Rc5 28. Bg2 Rb8 29. Qb4 Rbc8
30. Ra3 Qc7 31. Rac3 Bxc3 32. bxc3 Re8 33. Rd1 Kg7 34. Rd4 Re5 35. Qb2 Qxa5 36. e4
f6 37. f4 Re7 38. Qd2 Qb6 39. Kh2 a5 40. e5 fxe5 41. fxe5 Rxe5 42. Rh4 g5 43. Rh5
Qd8 44. Qc2 Qf6 45. Qh7+ Kf8 46. Rh6 Qg7 47. Qxg7+ Kxg7 48. Rxd6 b4 49. Rd7+ Kf6
50. cxb4 axb4 51. Rb7 c3 52. d6 c2 53. d7 Ke7  0-1

[Event "British Chess Championships 2023: Weekend Tournament Penrose"]
[Site "De Montfort University, 20 Western Boulevard, Leicester, LE2 7BU"]
[Date "2023.07.23"]
[Round "4"]
[Board "10"]
[White "Dos Santos Silva, Bruno Alexandre"]
[Black "Hirst, Joe Aj"]
[Result "1/2-1/2"]
[WhiteElo "1779"]
[BlackElo "1902"]
[PlyCount "0"]
[EventDate "2023.07.21"]
[EventRounds "5"]
[EventCountry "ENG"]

1. d4 f5 2. Nc3 Nf6 3. Bg5 d5 4. e3 h6 5. Bxf6 exf6 6. Bd3 g6 7. Qf3 Be6 8. g4 Qd7
9. gxf5 gxf5 10. Qh5+ Qf7 11. Qf3 Qd7 12. Nge2 Bd6 13. O-O-O c6 14. Rdg1 Na6 15.
Ng3 Bxg3 16. Rxg3 O-O-O 17. Bxa6 bxa6 18. Rhg1 Rdg8 19. Qe2 Qb7 20. Na4 Qb5 21. Nc3
Qxe2 22. Nxe2 Rg5 23. Nf4 Kd7 24. h4 Rg4 25. Rxg4 fxg4 26. Nxe6 Kxe6 27. Rxg4 Kf7
28. h5 Rg8 29. Rxg8 Kxg8 30. f4 Kf7 31. f5 Ke7 32. Kd2 Kd6 33. Kc3 c5 34. dxc5+ Kxc5
35. b4+ Kc6 36. a4 a5 37. bxa5 a6 38. Kd4 Kd6 39. c3 Kc6 40. e4 dxe4 41. Kxe4 Kc5
42. Kd3 Kd5 43. c4+ Ke5 44. c5 Kd5 45. c6 Kxc6 46. Kc4  1/2-1/2

[Event "British Chess Championships 2023: Weekend Tournament Penrose"]
[Site "De Montfort University, 20 Western Boulevard, Leicester, LE2 7BU"]
[Date "2023.07.23"]
[Round "4"]
[Board "11"]
[White "Honarvarmahalati, Hooman"]
[Black "Chiang, Richard"]
[Result "0-1"]
[WhiteElo "1862"]
[BlackElo "1715"]
[PlyCount "0"]
[EventDate "2023.07.21"]
[EventRounds "5"]
[EventCountry "ENG"]

1. e4 c5 2. Nf3 Nc6 3. Bb5 g6 4. O-O Bg7 5. c3 a6 6. Bxc6 bxc6 7. e5 Nh6 8. Re1 O-O
9. Na3 d6 10. h3 Qc7 11. Nc4 d5 12. Ne3 Nf5 13. Nf1 d4 14. d3 Rd8 15. Bf4 Qb6 16.
Qd2 e6 17. g4 Ne7 18. c4 Rb8 19. Rab1 Qb4 20. Qc1 Qa5 21. a3 Qb6 22. Ng3 Bd7 23.
Ne4 Qa7 24. Bg5 Be8 25. Qf4 Rb7 26. Bf6 h6 27. Bxg7 Kxg7 28. Qf6+ Kg8 29. Qh4 Kg7
30. Nd6 Rbd7 31. Qf6+ Kg8 32. Ne4 Kh7 33. Qf4 Ng8 34. h4 Rb7 35. Nd6 Rb3 36. Qe4
Qd7 37. Kg2 Rdb8 38. Qe2 Qe7 39. Kg3 Kg7 40. h5 Kf8 41. hxg6 fxg6 42. Rh1 Qg7 43.
Ne4 Qe7 44. g5 h5 45. Nh4 Bf7 46. f4 a5 47. Qc2 Qa7 48. Nd6 a4 49. Nf3 Ne7 50. Nd2
R3b6 51. N2e4 Ra6 52. Qg2 Nf5+ 53. Nxf5 exf5 54. Rhe1 Rb3 55. Nf2 Bxc4 56. e6 Bxd3
57. Nxd3 Rxd3+ 58. Kh4 Re3 59. Rxe3 dxe3 60. Re1 Qc7 61. Qf3 Rb6 62. Rxe3 Rxb2 63.
e7+ Ke8 64. Re6 Rb3 65. Qxc6+ Qxc6 66. Rxc6 Rf3 67. Rxg6 Rxf4+ 68. Kxh5 Kxe7 69.
Rg7+ Ke6 70. Ra7 Rg4 71. Ra5 Rg3 72. Rxa4 Ke5 73. Ra5 Kd4 74. g6 f4 75. Ra8 c4 76.
Rd8+ Kc3 77. Kh6 Kb3 78. g7 c3 79. g8=Q+ Rxg8 80. Rxg8 c2 81. Rc8 f3 82. a4 f2 83.
Rb8+ Kxa4 84. Rc8 Kb3 85. Rb8+ Kc3 86. Rc8+ Kd2 87. Rd8+ Ke3 88. Rc8 f1=Q 89. Rxc2
Qf4+ 90. Kg7 Qe5+ 91. Kh6 Qf6+  0-1

[Event "British Chess Championships 2023: Weekend Tournament Penrose"]
[Site "De Montfort University, 20 Western Boulevard, Leicester, LE2 7BU"]
[Date "2023.07.23"]
[Round "4"]
[Board "12"]
[White "Singha, Swati"]
[Black "Masani, Matthew M"]
[Result "0-1"]
[WhiteElo "1707"]
[BlackElo "1862"]
[PlyCount "0"]
[EventDate "2023.07.21"]
[EventRounds "5"]
[EventCountry "ENG"]

1. e4 d5 2. exd5 Nf6 3. d4 Bg4 4. f3 Bf5 5. c4 e6 6. Qa4+ c6 7. dxc6 Nxc6 8. Ne2
Be7 9. Nbc3 O-O 10. Be3 Nb4 11. Kf2 Nc2 12. Rd1 Nxe3 13. Kxe3 e5 14. Qb5 exd4+ 15.
Nxd4 Bd7 16. Qb3 Bc5 17. Ne4 Nxe4 18. fxe4 Qg5+ 19. Ke2 Rfe8 20. Nf3 Rxe4+ 21. Kd3
Re3+ 22. Kc2 Bf5+ 23. Bd3 Qxg2+ 24. Nd2 Bxd3+ 25. Kc1 Bg6 26. Qb5 Bd4 27. Rdg1 Qc6
28. Qg5 Rae8 29. Qg4 Qb6 30. Nb3 R3e4 31. Qd1 Bxg1 32. Rxg1 Rxc4+ 33. Kd2 Qf2+ 34.
Rh1  0-1